Ekonomiko-matematičeskije metody v upravlenii sel'skim chozjajstvom v stranach - členach SEV

Salvato in:
Dettagli Bibliografici
Natura: Libro
Lingua:russo
Pubblicazione: Moskva Kolos 1980
Tags: Aggiungi Tag
Nessun Tag, puoi essere il primo ad aggiungerne!!

MARC

LEADER 00000nam a2200000 4500
001 c142090
005 20250930122355.3
041 0 |a rus 
044 |a RU 
245 1 0 |a Ekonomiko-matematičeskije metody v upravlenii sel'skim chozjajstvom v stranach - členach SEV 
264 1 |a Moskva  |b Kolos  |c 1980 
300 |a 317 s.